Christ's service of love: (Record no. 14257)

000 -LEADER
fixed length control field 00716nam a2200205 a 4500
001 - CONTROL NUMBER
control field :::00012086$&:&@@
003 - CONTROL NUMBER IDENTIFIER
control field OkBaRHE
005 - DATE AND TIME OF LATEST TRANSACTION
control field 20000607103415.0
008 - FIXED-LENGTH DATA ELEMENTS--GENERAL INFORMATION
fixed length control field s1907 j 000 0 eng u
040 ## - CATALOGING SOURCE
Transcribing agency
100 1# - MAIN ENTRY--PERSONAL NAME
Personal name Black, Hugh, 1868-1953.
245 10 - TITLE STATEMENT
Title Christ's service of love:
Remainder of title communion sermons.
260 ## - PUBLICATION, DISTRIBUTION, ETC. (IMPRINT)
Place of publication, distribution, etc New York, NY., :
Name of publisher, distributor, etc Fleming H. Revell Company
Date of publication, distribution, etc c1907
300 ## - PHYSICAL DESCRIPTION
Extent 324 p. ;
Dimensions 20 cm.
650 ## - SUBJECT ADDED ENTRY--TOPICAL TERM
Topical term or geographic name as entry element Communion Sermons
650 ## - SUBJECT ADDED ENTRY--TOPICAL TERM
Topical term or geographic name as entry element Occasional Sermons
942 ## - ADDED ENTRY ELEMENTS (KOHA)
Source of classification or shelving scheme
Koha item type Books
Copies
Not for loan Permanent Location Price effective from Shelving location Lost status Damaged status Barcode Date last seen Full call number Date acquired Source of classification or shelving scheme Koha item type Copy number Withdrawn status
 RHEMA Bible Training College2010-04-14General Stacks  120862010-04-14BX 9178 .B62C52010-04-14 Books1 
 RHEMA Bible Training College2010-04-14General Stacks  151012010-04-14BX 9178 .B62C52010-04-14 Books2